• 首页
  • 本馆介绍
  • 公告通知
  • 最新文献
  • 馆藏检索
  • 电子资源
  • 读者导购
  • 参考咨询
  • 我的图书馆
  • 登录
  • 详细信息显示
  • 放入我的书架
  • 预约/预借图书
  • 作者相关作品
  • 分类相关作品
  • 丛书相关作品
  • 出版社相关作品

书目信息

  • 表格格式
  • 工作单格式
  • 卡片格式
题名:
徐福东渡传说
    
 
作者: 盛鑫夫 , 方印华 , 郭竞 编著
分册:  
出版信息: 杭州   浙江摄影出版社  2014
页数: 163页, [1] 叶图版
开本: 23cm
丛书名: 浙江省非物质文化遗产代表作丛书
单 册:
中图分类: I207.73 , I207.7
科图分类:
主题词: 民间故事--文学研究--中国
电子资源:
ISBN: 978-7-5514-0512-6
000 01130nam 2200313 450
001 2372493648
005 20231216161138.73
010    @a978-7-5514-0512-6@dCNY44.00
100    @a20131226d2014 em y0chiy50 ea
101 0  @achi
102    @aCN@b330000
105    @aaf a 000yy
200 1  @a徐福东渡传说@Axu fu dong du chuan shuo@f盛鑫夫 ... [等] 编著
210    @a杭州@c浙江摄影出版社@d2014
215    @a163页, [1] 叶图版@c彩图@d23cm
225 0  @a浙江省非物质文化遗产代表作丛书@Azhe jiang sheng fei wu zhi wen hua yi chan dai biao zuo cong shu@h第二批
300    @a第二批国家级非物质文化遗产浙江省项目
304    @a题名页题: 盛鑫夫, 方印华, 郭竞, 孙伟编著
320    @a有书目 (第162-163页)
330    @a本书介绍了徐福东渡传说的相关记载、分布和流传、民间信仰和风俗、保护与传承等。
410  0 @12001 @a浙江省非物质文化遗产代表作丛书@h第二批
606 0  @a民间故事@x文学研究@y中国
690    @aI207.73@v5
690    @aI207.7@v4
701  0 @a盛鑫夫@Asheng xin fu@4编著
701  0 @a方印华@Afang yin hua@4编著
701    @a郭竞@Aguo jing@4编著
801  0 @aCN@b湖北三新@c20140312
905    @aBZT@dI207.7@e21
    
    徐福东渡传说/盛鑫夫 ... [等] 编著.-杭州:浙江摄影出版社,2014
    163页, [1] 叶图版:彩图;23cm.-(浙江省非物质文化遗产代表作丛书.第二批)
    第二批国家级非物质文化遗产浙江省项目
    
    ISBN 978-7-5514-0512-6:CNY44.00
    本书介绍了徐福东渡传说的相关记载、分布和流传、民间信仰和风俗、保护与传承等。
●
相关链接 在五车中查询图书 在当当中查询图书 在豆瓣中查询图书


正题名:徐福东渡传说     索取号:I207.7/21         预约/预借

序号 登录号 条形码 馆藏地/架位号 状态 备注
1 2001408406   2001408406   617书库/ [索取号:I207.7/21] 在馆    
2 2001408407   2001408407   617书库/ [索取号:I207.7/21] 在馆    
3 2001408408   2001408408   617书库/ [索取号:I207.7/21] 在馆    
4 2001408409   2001408409   617书库/ [索取号:I207.7/21] 在馆    
5 2001408410   2001408410   617书库/ [索取号:I207.7/21] 在馆    
6 2001408411   2001408411   617书库/ [索取号:I207.7/21] 在馆    
7 2001408412   2001408412   617书库/ [索取号:I207.7/21] 在馆    
8 2001408413   2001408413   617书库/ [索取号:I207.7/21] 在馆    
9 2001408414   2001408414   617书库/ [索取号:I207.7/21] 在馆    
10 2001408415   2001408415   617书库/ [索取号:I207.7/21] 在馆    
11 2001408416   2001408416   617书库/ [索取号:I207.7/21] 在馆    
12 2001408417   2001408417   617书库/ [索取号:I207.7/21] 在馆    
13 2001408418   2001408418   617书库/ [索取号:I207.7/21] 在馆    
14 2001408419   2001408419   617书库/ [索取号:I207.7/21] 在馆    
15 2001408420   2001408420   617书库/ [索取号:I207.7/21] 在馆    
16 2001408421   2001408421   617书库/ [索取号:I207.7/21] 在馆    
17 2001408422   2001408422   617书库/ [索取号:I207.7/21] 在馆    
18 2001408423   2001408423   617书库/ [索取号:I207.7/21] 在馆    
19 2001408424   2001408424   617书库/ [索取号:I207.7/21] 在馆    
20 2001408425   2001408425   617书库/ [索取号:I207.7/21] 在馆    
21 2001408426   2001408426   617书库/ [索取号:I207.7/21] 在馆    
22 2001408427   2001408427   617书库/ [索取号:I207.7/21] 在馆    
23 2001408428   2001408428   617书库/ [索取号:I207.7/21] 在馆    
24 2001408429   2001408429   617书库/ [索取号:I207.7/21] 在馆    
25 2001408430   2001408430   617书库/ [索取号:I207.7/21] 在馆    
26 2001408431   2001408431   617书库/ [索取号:I207.7/21] 在馆    
27 2001408432   2001408432   617书库/ [索取号:I207.7/21] 在馆    
28 2001408433   2001408433   617书库/ [索取号:I207.7/21] 在馆    
29 2001408434   2001408434   617书库/ [索取号:I207.7/21] 在馆    
30 2001408435   2001408435   617书库/ [索取号:I207.7/21] 在馆    
山东省滨州职业学院图书馆 欢迎您!
大连网信软件有限公司© 版权所有